00327nam a22001097a 4500020001800000040001200018082001700030100009800047245004200145260002000187300001000207 a9783319225609 cMSOHAIL a910.285bKHO aSiamak Khorram, Cynthia F. van der Wiele, Frank H. Koch, Stacy A. C. Nelson, Matthew D. Potts aPrinciples of Applied Remote Sensing  bSpringer,c2016 a307;p